Endogén regionális fejlődés a rurális térségekben
A területi tőke fogalma egy évtizede már megtalálható egyes szakértői dokumentumokban, de annak tudományos keretrendszere csak a közelmúltban került kialakításra. A témakör egyre bővülő szakirodalmában támaszkodva jól láthatóvá válik a területi tőke néven ismert komplex szemléletnek az előtérbe kerü...
Elmentve itt :
| Szerző: | |
|---|---|
| Dokumentumtípus: | Könyv része |
| Megjelent: |
2013
|
| Sorozat: | Új hangsúlyok a területi fejlődésben
|
| Kulcsszavak: | Területi tőke |
| Online Access: | http://acta.bibl.u-szeged.hu/57974 |
| LEADER | 01398naa a2200193 i 4500 | ||
|---|---|---|---|
| 001 | acta57974 | ||
| 005 | 20260224081030.0 | ||
| 008 | 190523s2013 hu o 000 hun d | ||
| 020 | |a 978-963-306-247-0 | ||
| 040 | |a SZTE Egyetemi Kiadványok Repozitórium |b hun | ||
| 041 | |a hun | ||
| 100 | 1 | |a Bodnár Gábor | |
| 245 | 1 | 0 | |a Endogén regionális fejlődés a rurális térségekben |h [elektronikus dokumentum] / |c Bodnár Gábor |
| 260 | |c 2013 | ||
| 300 | |a 42-61 | ||
| 490 | 0 | |a Új hangsúlyok a területi fejlődésben | |
| 520 | 3 | |a A területi tőke fogalma egy évtizede már megtalálható egyes szakértői dokumentumokban, de annak tudományos keretrendszere csak a közelmúltban került kialakításra. A témakör egyre bővülő szakirodalmában támaszkodva jól láthatóvá válik a területi tőke néven ismert komplex szemléletnek az előtérbe kerülése. Ezen sokszínű megközelítésből is adódik, hogy a témakör vizsgálatakor a közgazdaságtan a saját eredményeinél korábbi, más tudományterületek által elért eredményeket hasznosít. Munkámban a területi tőke alaptényezőit mutatom be, vagyis a gazdasági, humán, társadalmi és természeti tőkét elemzem azok rurális terekkel való viszonyát is figyelembe véve. | |
| 695 | |a Területi tőke | ||
| 856 | 4 | 0 | |u http://acta.bibl.u-szeged.hu/57974/1/uj_hangsulyok_a_teruleti_fejlodesben_042-061.pdf |z Dokumentum-elérés |